[Event "Accademia Cup"]
[Site "Roma ITA"]
[Date "1997.??.??"]
[Round "?"]
[White "Perotti, Germano"]
[Black "Placchetta, Omero"]
[Result "1/2-1/2"]
[WhiteElo "1717"]
[BlackElo "1477"]
[PlyCount "74"]
[EventDate "1997.??.??"]

1. d4 Nf6 2. c4 g6 3. Nc3 Bg7 4. e4 d6 5. Nf3 O-O 6. Be2 e5 7. dxe5 dxe5 8.
Qxd8 Rxd8 9. Bg5 h6 10. Bxf6 Bxf6 11. Nd5 Nd7 12. O-O-O Kg7 13. Nxc7 Rb8 14.
Nd5 Re8 15. Rd2 Nc5 16. Nxf6 Kxf6 17. Bd3 Be6 18. b3 b5 19. cxb5 Nxd3+ 20. Rxd3
Rec8+ 21. Kb2 Rxb5 22. Rc1 Rxc1 23. Kxc1 a5 24. Nd2 Ke7 25. Rc3 Rb7 26. Nc4 Rc7
27. Kc2 Rc5 28. Kd3 f5 29. g3 h5 30. Na3 Kd6 31. Rxc5 Kxc5 32. Nc4 Bxc4+ 33.
bxc4 f4 34. h4 Kb4 35. a3+ Kc5 36. Kc3 a4 37. Kd3 Kb6 1/2-1/2

[Event "Accademia Cup"]
[Site "Roma ITA"]
[Date "1997.??.??"]
[Round "?"]
[White "Perotti, Germano"]
[Black "Vannelli, Vittorio"]
[Result "1/2-1/2"]
[WhiteElo "1717"]
[BlackElo "1567"]
[PlyCount "83"]
[EventDate "1997.??.??"]

1. d4 d6 2. c4 f5 3. Nc3 e5 4. dxe5 dxe5 5. Qxd8+ Kxd8 6. Bg5+ Nf6 7. O-O-O+
Ke8 8. Nf3 e4 9. Nd4 c6 10. f3 Bb4 11. Kc2 a5 12. e3 Bxc3 13. Kxc3 Na6 14. Bxf6
gxf6 15. fxe4 fxe4 16. Be2 Nc5 17. Rhf1 Ke7 18. a3 a4 19. Kb4 Na6+ 20. Kc3 Rg8
21. g3 Bd7 22. Rf4 Nc5 23. Bf1 Rg5 24. Rh4 Rh8 25. b4 axb3 26. Nxb3 Na4+ 27.
Kc2 Bg4 28. Rd4 Bf3 29. Bh3 Nb6 30. a4 f5 31. a5 Nd7 32. Nd2 Ne5 33. Kc3 Bg4
34. Bxg4 Nxg4 35. Nf1 h6 36. Kb4 Ne5 37. Nd2 Ng4 38. Kc5 Nxe3 39. Nxe4 fxe4+
40. Kb6 Rg4 41. Rxe4+ Rxe4 42. Rxe4+ 1/2-1/2

[Event "Accademia Cup"]
[Site "Roma ITA"]
[Date "1997.??.??"]
[Round "?"]
[White "Perotti, Germano"]
[Black "Vigile, Matteo"]
[Result "0-1"]
[WhiteElo "1717"]
[BlackElo "1567"]
[PlyCount "72"]
[EventDate "1997.??.??"]

1. d4 Nf6 2. c4 e6 3. Nf3 d5 4. Nc3 c6 5. Bg5 Nbd7 6. e3 Qa5 7. cxd5 cxd5 8.
Bd3 Ne4 9. O-O Nxg5 10. Nxg5 Be7 11. Qh5 Bxg5 12. Qxg5 O-O 13. Rac1 Nf6 14. Rc2
Bd7 15. Rfc1 Rac8 16. h4 Rc7 17. Nxd5 Nxd5 18. Rxc7 Qd2 19. Rxd7 Qxc1+ 20. Kh2
h6 21. Qg3 Qxb2 22. Qd6 Qxf2 23. Qg3 Qxa2 24. Rxb7 a5 25. Qf3 Qd2 26. e4 Nb4
27. Bb5 Qxd4 28. Qf4 Nd3 29. Qg3 Ne5 30. Qf4 Ng6 31. Qg4 Qf6 32. g3 Qf2+ 33.
Kh1 Ne5 34. Qh3 Nf3 35. Qg2 Qe1+ 36. Qf1 Qxg3 0-1

[Event "Accademia Cup"]
[Site "Roma ITA"]
[Date "1997.??.??"]
[Round "?"]
[White "Petruccioli, Antonio"]
[Black "De Carolis, Maurizio"]
[Result "1-0"]
[WhiteElo "1926"]
[BlackElo "1570"]
[PlyCount "79"]
[EventDate "1997.??.??"]

1. e4 d6 2. h4 Nf6 3. Nc3 c6 4. d3 e5 5. Be2 d5 6. exd5 cxd5 7. Bg5 Bb4 8. Kf1
Be6 9. a3 Bc5 10. Na4 Be7 11. b4 Nbd7 12. c4 h6 13. Be3 b6 14. Nb2 d4 15. Bd2
e4 16. Bf4 Nb8 17. dxe4 Nxe4 18. Bf3 f5 19. Qd3 O-O 20. Bxe4 fxe4 21. Qxe4 Qd7
22. Re1 Kf7 23. Nf3 Bf6 24. b5 Re8 25. Qxa8 d3 26. Ne5+ Bxe5 27. Bxe5 d2 28.
Qf3+ Kg8 29. Ra1 Bg4 30. Qc3 d1=Q+ 31. Nxd1 Bxd1 32. Rh3 Qg4 33. Kg1 Re7 34.
Bxb8 Be2 35. Re3 Rxe3 36. Qxe3 Qxc4 37. Qe8+ Kh7 38. Re1 Bd3 39. Be5 Qd5 40.
Qe7 {...} 1-0

[Event "Accademia Cup"]
[Site "Roma ITA"]
[Date "1997.??.??"]
[Round "?"]
[White "Petruccioli, Antonio"]
[Black "Fantazzini, Massimiliano"]
[Result "1/2-1/2"]
[WhiteElo "1926"]
[BlackElo "1753"]
[PlyCount "108"]
[EventDate "1997.??.??"]

1. e4 e6 2. d4 d5 3. exd5 exd5 4. Bd3 Nf6 5. Bg5 Bd6 6. Nc3 c6 7. Qe2+ Be6 8.
O-O-O h6 9. Bh4 Nbd7 10. Nf3 Qc7 11. Bf5 O-O-O 12. Bxe6 Bf4+ 13. Kb1 fxe6 14.
Bxf6 Nxf6 15. Qxe6+ Kb8 16. Rhe1 Bd6 17. Qh3 Rde8 18. a3 Rhf8 19. Rxe8+ Rxe8
20. Re1 Rxe1+ 21. Nxe1 Qb6 22. Qe3 Qd8 23. h3 Qf8 24. Nd3 Qe7 25. Qxe7 Bxe7 26.
f3 Nd7 27. Kc1 Bf6 28. Ne2 Kc7 29. c3 Kd6 30. Kc2 b6 31. b3 Nb8 32. Ndf4 c5 33.
dxc5+ bxc5 34. Nh5 Nd7 35. b4 a6 36. Neg3 g6 37. Nxf6 Nxf6 38. Kd3 Nd7 39. f4
h5 40. c4 dxc4+ 41. Kxc4 Nb6+ 42. Kb3 cxb4 43. axb4 Kd5 44. f5 gxf5 45. Nxf5
Ke5 46. g4 hxg4 47. hxg4 Nd5 48. Kc4 Nf4 49. Ne3 Ng6 50. Kc5 Nf8 51. Nc4+ Kf4
52. Kb6 Ne6 53. Kxa6 Nc7+ 54. Kb7 Nd5 1/2-1/2

[Event "Accademia Cup"]
[Site "Roma ITA"]
[Date "1997.??.??"]
[Round "?"]
[White "Petruccioli, Antonio"]
[Black "Lantini, Marco"]
[Result "0-1"]
[WhiteElo "1926"]
[BlackElo "2190"]
[PlyCount "104"]
[EventDate "1997.??.??"]

1. e4 e5 2. Bc4 Nf6 3. d3 c6 4. Nf3 d5 5. exd5 cxd5 6. Bb3 Nc6 7. O-O Be7 8.
Re1 Bg4 9. h3 Bxf3 10. Qxf3 Qd6 11. Nc3 Nd4 12. Qg3 Nc6 13. Bg5 d4 14. Bxf6
Bxf6 15. Ne4 Qc7 16. Nxf6+ gxf6 17. Qg7 O-O-O 18. Qxf6 Rhf8 19. Qf5+ Kb8 20.
Qxh7 Qb6 21. Qf5 f6 22. Re4 Ne7 23. Qe6 Qc7 24. Rae1 Rd6 25. Qc4 Rc6 26. Qb4
Rb6 27. Qd2 Nf5 28. c3 Rc8 29. cxd4 Nxd4 30. Bc4 Rc6 31. a4 Qd6 32. Qh6 Qb4 33.
b3 f5 34. Qh7 fxe4 35. Qxe4 Rc5 36. f4 Qb6 37. Kh1 Re8 38. f5 Qf6 39. g4 Rc7
40. Kg2 Rg7 41. Rf1 Rf8 42. Kh2 Rh7 43. Re1 Re8 44. Qg2 Reh8 45. Re3 Qg5 46.
Qe4 Qf4+ 47. Kg2 Nxf5 48. Qxf4 exf4 49. Re4 Ne3+ 50. Kf3 Nxc4 51. dxc4 Rf8 52.
b4 Rxh3+ 0-1

[Event "Accademia Cup"]
[Site "Roma ITA"]
[Date "1997.??.??"]
[Round "?"]
[White "Petruccioli, Antonio"]
[Black "Monteleone, Antonio"]
[Result "1-0"]
[WhiteElo "1926"]
[BlackElo "2195"]
[PlyCount "45"]
[EventDate "1997.??.??"]

1. e4 e6 2. d4 d5 3. exd5 exd5 4. Bd3 c5 5. Qe2+ Be7 6. dxc5 Nf6 7. Nf3 O-O 8.
O-O Bxc5 9. Bg5 h6 10. Bh4 Bg4 11. h3 Bh5 12. g4 Bg6 13. Bxg6 fxg6 14. Nc3 Qd6
15. Kg2 Nc6 16. Rad1 Rad8 17. Bxf6 Qxf6 18. Nxd5 Qxb2 19. Qc4 Rxf3 20. Nf6+ Kf8
21. Rxd8+ Nxd8 22. Qxc5+ Kf7 23. Qc7+ 1-0

[Event "Accademia Cup"]
[Site "Roma ITA"]
[Date "1997.??.??"]
[Round "?"]
[White "Pezzaldi, Roberto"]
[Black "Gardon, Ermanno"]
[Result "1-0"]
[WhiteElo "2105"]
[BlackElo "1683"]
[PlyCount "47"]
[EventDate "1997.??.??"]

1. c4 e6 2. Nf3 Nf6 3. g3 d5 4. b3 Nc6 5. Bg2 a5 6. O-O Be7 7. Bb2 Bd7 8. Nc3
O-O 9. Nb5 Nb8 10. Qc2 Na6 11. Ng5 g6 12. Qc3 c6 13. Na3 b5 14. Nc2 Nc7 15. Ne3
Nce8 16. Ng4 a4 17. Rac1 axb3 18. axb3 Ra2 19. Ne5 b4 20. Qc2 Ng7 21. Ra1 Rxa1
22. Rxa1 Qb6 23. Ngf3 Nf5 24. g4 1-0

[Event "Accademia Cup"]
[Site "Roma ITA"]
[Date "1997.??.??"]
[Round "?"]
[White "Pezzaldi, Roberto"]
[Black "Guglielmi, Dante"]
[Result "1-0"]
[WhiteElo "2105"]
[BlackElo "1651"]
[PlyCount "33"]
[EventDate "1997.??.??"]

1. c4 Nf6 2. Nf3 g6 3. g3 Bg7 4. Bg2 O-O 5. O-O e6 6. Nc3 d5 7. d3 Qe7 8. Bg5
c6 9. Qc1 Re8 10. cxd5 exd5 11. e4 dxe4 12. Nxe4 Qe6 13. Nxf6+ Bxf6 14. Re1
Bxg5 15. Rxe6 Bxc1 16. Rxe8+ Kg7 17. Rxc1 1-0

[Event "Accademia Cup"]
[Site "Roma ITA"]
[Date "1997.??.??"]
[Round "?"]
[White "Pezzaldi, Roberto"]
[Black "Occhioni, Edmondo"]
[Result "1/2-1/2"]
[WhiteElo "2105"]
[BlackElo "1741"]
[PlyCount "122"]
[EventDate "1997.??.??"]

1. c4 e6 2. Nf3 d5 3. b3 c5 4. g3 Nc6 5. Bg2 Nf6 6. O-O Be7 7. cxd5 exd5 8. d4
O-O 9. Bb2 Ne4 10. dxc5 Bxc5 11. Na3 Re8 12. Nc2 Bg4 13. Nfd4 Bh5 14. Rc1 Bb6
15. h3 Rc8 16. g4 Bg6 17. Ne3 Nxf2 18. Rxf2 Rxe3 19. Nxc6 bxc6 20. Bd4 Bxd4 21.
Qxd4 Re7 22. e3 Rec7 23. b4 Qe7 24. Rc5 Re8 25. Re2 h5 26. gxh5 Bxh5 27. Rec2
Bg6 28. Rc1 Qg5 29. Qf4 Qxf4 30. exf4 Be4 31. Bxe4 Rxe4 32. b5 Rxf4 33. bxc6
Rd4 34. Rb5 Rc4 35. Rxc4 dxc4 36. Rc5 Kf8 37. h4 g6 38. Rxc4 Ke7 39. Kg2 Kd6
40. Kg3 Rxc6 41. Rf4 Ke6 42. Kg4 Rc2 43. Ra4 Rc7 44. Kg5 Rc5+ 45. Kh6 a5 46.
Kg7 Rf5 47. Rd4 Ke7 48. Rg4 Ke6 49. Re4+ Re5 50. Rxe5+ Kxe5 51. Kxf7 Kf5 52. a4
Kg4 53. Kxg6 Kxh4 54. Kf6 Kg4 55. Ke6 Kf4 56. Kd6 Ke4 57. Kc6 Kd4 58. Kb6 Kc4
59. Kxa5 Kc5 60. Ka6 Kc6 61. Ka7 Kc7 1/2-1/2

[Event "Accademia Cup"]
[Site "Roma ITA"]
[Date "1997.??.??"]
[Round "?"]
[White "Pezzaldi, Roberto"]
[Black "Simeoni, Matteo"]
[Result "1/2-1/2"]
[WhiteElo "2105"]
[BlackElo "1797"]
[PlyCount "90"]
[EventDate "1997.??.??"]

1. c4 f5 2. Nc3 b6 3. Nf3 Nf6 4. g3 e6 5. Bg2 Bb7 6. O-O Be7 7. d3 O-O 8. a3 a5
9. e4 fxe4 10. dxe4 Nxe4 11. Nb5 Nf6 12. Bf4 Na6 13. Qe2 Nh5 14. Be5 d6 15. Bc3
e5 16. Nxe5 Bxg2 17. Kxg2 Qe8 18. Nf3 Qf7 19. Nbd4 Rae8 20. Qe6 Bd8 21. Qxf7+
Rxf7 22. b4 Ref8 23. Nd2 Bf6 24. bxa5 bxa5 25. Ne4 Nc5 26. Nxf6+ Nxf6 27. Bxa5
Ng4 28. h3 Ne5 29. Bb4 Ncd3 30. f4 Nxc4 31. Rf3 Nxb4 32. axb4 Re7 33. b5 Rfe8
34. Rc1 d5 35. f5 Nd6 36. Rc5 Ra8 37. Rxd5 Ne4 38. Ne6 Ra2+ 39. Kf1 Nd2+ 40.
Ke2 Nxf3+ 41. Kxf3 Ra8 42. Rc5 Kf7 43. Ke4 Rd7 44. Nxc7 Ra4+ 45. Ke5 Rb4
1/2-1/2

[Event "Accademia Cup"]
[Site "Roma ITA"]
[Date "1997.??.??"]
[Round "?"]
[White "Piacentini, Carlo"]
[Black "Ciotoli, Patrizio"]
[Result "0-1"]
[WhiteElo "1680"]
[BlackElo "1956"]
[PlyCount "70"]
[EventDate "1997.??.??"]

1. Nf3 f5 2. b3 Nf6 3. Bb2 e6 4. h4 b6 5. e3 Bb7 6. Nc3 Nc6 7. Ne2 Bd6 8. Nf4
e5 9. Ne2 Qe7 10. Ng3 g6 11. d3 O-O-O 12. Qd2 e4 13. Nd4 Nxd4 14. Bxd4 exd3 15.
cxd3 Bxg3 16. fxg3 Rhe8 17. O-O-O Ng4 18. Re1 Qd6 19. Be2 Re6 20. Bf3 Rde8 21.
b4 Bxf3 22. gxf3 Qc6+ 23. Kb1 Qxf3 24. Rc1 Qxg3 25. a4 Qf2 26. Qc3 Rc6 27. Qb3
Ree6 28. a5 Rxc1+ 29. Rxc1 Qf3 30. axb6 axb6 31. b5 Kb8 32. e4 fxe4 33. Qd5
Qxd3+ 34. Kb2 Nf6 35. Bxf6 Qxd5 0-1

[Event "Accademia Cup"]
[Site "Roma ITA"]
[Date "1997.??.??"]
[Round "?"]
[White "Piacentini, Carlo"]
[Black "Marinelli, Franco"]
[Result "0-1"]
[WhiteElo "1680"]
[BlackElo "1522"]
[PlyCount "120"]
[EventDate "1997.??.??"]

1. d4 d5 2. Nf3 g6 3. g3 Bg7 4. Bg2 Nf6 5. O-O O-O 6. Bf4 Nbd7 7. Ne5 c6 8. Nd2
Qb6 9. Nb3 Nxe5 10. Bxe5 Nd7 11. Bxg7 Kxg7 12. e4 dxe4 13. Bxe4 Nf6 14. Bf3 Be6
15. Re1 Rad8 16. Qe2 Bxb3 17. axb3 Qxd4 18. Qxe7 Rd7 19. Qe5 Qxe5 20. Rxe5 a6
21. Kf1 Re8 22. Rxe8 Nxe8 23. Ra4 Nc7 24. Ke1 Ne6 25. Rc4 Nd4 26. Bd1 Kf6 27.
Bg4 Re7+ 28. Kd2 Ne6 29. f4 h5 30. Bf3 Ng7 31. h3 Nf5 32. g4 hxg4 33. hxg4 Nd6
34. Rd4 Nb5 35. Rd8 Ke6 36. c4 Nd6 37. Rh8 Kf6 38. Rd8 Ke6 39. Ra8 Rd7 40. Kc3
Kf6 41. b4 g5 42. f5 Ke5 43. Ra7 Ne4+ 44. Kc2 Kf4 45. Bd1 Nf2 46. Be2 Nxg4 47.
b5 axb5 48. cxb5 c5 49. Ra4+ Rd4 50. Rxd4+ cxd4 51. b6 Ne3+ 52. Kd2 Nxf5 53.
Kd3 Ke5 54. Kc4 Nd6+ 55. Kc5 Ne4+ 56. Kb5 f5 57. Bh5 g4 58. b4 g3 59. Bf3 d3
60. Kc4 Nd2+ 0-1

[Event "Accademia Cup"]
[Site "Roma ITA"]
[Date "1997.??.??"]
[Round "?"]
[White "Piacentini, Carlo"]
[Black "Piccioni, Marco"]
[Result "0-1"]
[WhiteElo "1680"]
[BlackElo "1537"]
[PlyCount "83"]
[EventDate "1997.??.??"]

1. e4 e5 2. Nf3 Nc6 3. Bb5 a6 4. Ba4 Nf6 5. O-O b5 6. Bb3 Nxe4 7. Re1 d5 8. d3
Nf6 9. Nxe5 Nxe5 10. Rxe5+ Be7 11. Qe1 Be6 12. a4 O-O 13. Bg5 c5 14. c3 c4 15.
Bc2 Re8 16. Nd2 Ng4 17. Bxe7 Rxe7 18. Re2 d4 19. axb5 dxc3 20. Nxc4 cxb2 21.
Rxa6 Rxa6 22. bxa6 Nf6 23. Nxb2 Qb6 24. Na4 Qxa6 25. Nc5 Qd6 26. Ne4 Nxe4 27.
Rxe4 Rb7 28. Qc3 g6 29. h3 Rc7 30. Qb2 h5 31. Rd4 Rxc2 32. Qa1 Qc7 33. Qa8+ Kh7
34. g4 Qc5 35. Qe4 hxg4 36. hxg4 Qg5 37. Kg2 Qf6 38. Qe3 Qe7 39. g5 Rc5 40. f4
Bd5+ 41. Re4 Bxe4+ 42. dxe4 0-1

[Event "Accademia Cup"]
[Site "Roma ITA"]
[Date "1997.??.??"]
[Round "?"]
[White "Piacentini, Carlo"]
[Black "Wyss, Walter"]
[Result "0-1"]
[WhiteElo "1680"]
[BlackElo "2210"]
[PlyCount "124"]
[EventDate "1997.??.??"]

1. Nf3 b5 2. d4 Bb7 3. e3 a6 4. a4 b4 5. c4 e6 6. Bd3 Nf6 7. O-O Be7 8. Nbd2 d5
9. cxd5 exd5 10. a5 Nbd7 11. Nb3 O-O 12. Bd2 Bd6 13. Qe1 Qe7 14. Ra4 Bc6 15.
Rxb4 Rfb8 16. Rxb8+ Rxb8 17. Qd1 Ba4 18. Bc2 Bb4 19. Nc1 Bxd2 20. Nxd2 Bxc2 21.
Qxc2 c5 22. dxc5 Qxc5 23. Qc3 Rb5 24. Ncb3 Qxc3 25. bxc3 Ne4 26. Nxe4 Rxb3 27.
Nd6 Rxc3 28. Rb1 g6 29. g3 Rc6 30. Nb7 Rc2 31. Nd6 Rc6 32. Nb7 Kf8 33. Kf1 Ke7
34. Rb2 Rc8 35. Rb3 Rc1+ 36. Ke2 Rc2+ 37. Ke1 Ne5 38. Rb6 Nd3+ 39. Kd1 Rc7 40.
Ke2 Ne5 41. Nd6 Nc6 42. Nb7 Ne5 43. Nd6 Nc6 44. Nb7 Nb8 45. Nd6 Rc2+ 46. Kd3
Nd7 47. Rxa6 Rxf2 48. Nb7 Rxh2 49. Ra7 Ne5+ 50. Kc3 Re2 51. Ra8 Rxe3+ 52. Kd4
Re1 53. a6 Nc6+ 54. Kxd5 Nb4+ 55. Kd4 h5 56. Nc5 Kf6 57. a7 Nc6+ 58. Kd5 Nxa7
59. Rxa7 Rd1+ 60. Ke4 Rf1 61. Nd3 Kg5 62. Nf4 62... f5+ $138 0-1

[Event "Accademia Cup"]
[Site "Roma ITA"]
[Date "1997.??.??"]
[Round "?"]
[White "Piccioni, Marco"]
[Black "Barro, Carlo"]
[Result "0-1"]
[WhiteElo "1537"]
[BlackElo "1762"]
[PlyCount "74"]
[EventDate "1997.??.??"]

1. e4 d6 2. d4 Nf6 3. Nc3 g6 4. Nf3 Bg7 5. Be2 O-O 6. O-O c6 7. Re1 b5 8. a3 a6
9. h3 Nfd7 10. Be3 Qc7 11. Qd2 e5 12. dxe5 Nxe5 13. Nxe5 Bxe5 14. Bf4 Rd8 15.
Rad1 Bxf4 16. Qxf4 Ra7 17. Bf3 Be6 18. Rd2 Qe7 19. Red1 Rad7 20. Re2 a5 21. Nd5
cxd5 22. exd5 Na6 23. dxe6 fxe6 24. Rxe6 Qg7 25. Qf6 Qxf6 26. Rxf6 Kg7 27. Rf4
d5 28. Rfd4 Nc7 29. b3 Rb8 30. Bxd5 Rbd8 31. c4 a4 32. R4d3 axb3 33. Rxb3 bxc4
34. Rb7 c3 35. Rd3 Nxd5 36. Rxd5 Rxb7 37. Rxd8 c2 0-1

[Event "Accademia Cup"]
[Site "Roma ITA"]
[Date "1997.??.??"]
[Round "?"]
[White "Piccioni, Marco"]
[Black "Pantano, Fulvio"]
[Result "1-0"]
[WhiteElo "1537"]
[BlackElo "1636"]
[PlyCount "41"]
[EventDate "1997.??.??"]

1. e4 e5 2. Nf3 Nc6 3. Bc4 Bc5 4. c3 Nf6 5. d4 exd4 6. cxd4 Bb4+ 7. Nc3 Nxe4 8.
O-O Bxc3 9. d5 O-O 10. bxc3 Na5 11. Bd3 f5 12. Re1 Qf6 13. Bxe4 fxe4 14. Rxe4
Qxc3 15. Bd2 Qd3 16. Re7 Qxd5 17. Rxg7+ Kh8 18. Rg5 Qxg5 19. Nxg5 Nc4 20. Bc3+
Kg8 21. Qd5+ 1-0

[Event "Accademia Cup"]
[Site "Roma ITA"]
[Date "1997.??.??"]
[Round "?"]
[White "Piccioni, Marco"]
[Black "Pezzaldi, Roberto"]
[Result "0-1"]
[WhiteElo "1537"]
[BlackElo "2105"]
[PlyCount "94"]
[EventDate "1997.??.??"]

1. e4 e6 2. d4 d5 3. Nc3 Bb4 4. Nge2 dxe4 5. a3 Bxc3+ 6. Nxc3 c5 7. dxc5 Qxd1+
8. Nxd1 Nc6 9. Bb5 Nge7 10. Nc3 f5 11. Bf4 Kf7 12. O-O-O e5 13. Bc4+ Be6 14.
Bxe6+ Kxe6 15. Rd6+ Kf7 16. Bg5 Rhd8 17. Bxe7 Kxe7 18. Rhd1 Nd4 19. Nd5+ Kf7
20. Ne3 Rxd6 21. cxd6 Ke6 22. c3 Ne2+ 23. Kc2 Nf4 24. c4 Nd3 25. f3 Rd8 26.
Nxf5 g6 27. Ng3 Nf4 28. Nxe4 Nxg2 29. Nc5+ Kf5 30. Kb3 b6 31. Ne4 Nh4 32. d7
Nxf3 33. Ng3+ Ke6 34. Kb4 Nd4 35. c5 Rxd7 36. Kc4 b5+ 37. Kd3 Nf5+ 38. Ke2
Nxg3+ 39. hxg3 Rxd1 40. Kxd1 Kd5 41. b4 h5 42. Ke2 g5 43. Kf3 e4+ 44. Ke3 h4
45. Ke2 h3 46. Kf2 g4 47. c6 Kxc6 0-1

[Event "Accademia Cup"]
[Site "Roma ITA"]
[Date "1997.??.??"]
[Round "?"]
[White "Piccioni, Marco"]
[Black "Rossi De Gasperis, Pietro"]
[Result "0-1"]
[WhiteElo "1537"]
[BlackElo "1833"]
[PlyCount "86"]
[EventDate "1997.??.??"]

1. e4 c5 2. c3 d5 3. exd5 Qxd5 4. d4 Nc6 5. Nf3 Bg4 6. Be2 O-O-O 7. dxc5 Qxd1+
8. Bxd1 e5 9. Be3 e4 10. Nd4 Bxd1 11. Kxd1 Bxc5 12. Nd2 Bxd4 13. cxd4 Nf6 14.
Nb3 Nd5 15. a3 f5 16. g3 h6 17. h4 Nc7 18. Ke2 Ne6 19. Rhd1 Rd5 20. Rd2 g5 21.
f4 exf3+ 22. Kxf3 Rf8 23. hxg5 hxg5 24. Bf2 Rfd8 25. Rad1 Ne7 26. Re1 Rb5 27.
Rxe6 Rxb3+ 28. Re3 g4+ 29. Ke2 Rxe3+ 30. Bxe3 Nd5 31. Rc2+ Kd7 32. Kd3 Rh8 33.
Rf2 Ke6 34. Re2 Rh3 35. Bf4+ Kd7 36. Rf2 Nxf4+ 37. Rxf4 Rxg3+ 38. Ke2 Ke6 39.
d5+ Kxd5 40. Rxf5+ Ke4 41. Rf7 Rg2+ 42. Rf2 Rxf2+ 43. Kxf2 Kd3 0-1

[Event "Accademia Cup"]
[Site "Roma ITA"]
[Date "1997.??.??"]
[Round "?"]
[White "Pierangeli, Andrea"]
[Black "Monteleone, Antonio"]
[Result "0-1"]
[WhiteElo "1729"]
[BlackElo "2195"]
[PlyCount "98"]
[EventDate "1997.??.??"]

1. Nf3 Nf6 2. c4 c5 3. Nc3 d5 4. cxd5 Nxd5 5. e3 Nxc3 6. bxc3 g6 7. Be2 Bg7 8.
O-O O-O 9. Rb1 Qc7 10. Qb3 b6 11. d4 Bf5 12. Rb2 Nc6 13. Rd2 Na5 14. Qd1 cxd4
15. cxd4 Nc4 16. Bxc4 Qxc4 17. Qb3 Rfc8 18. Ba3 Bf6 19. h3 Qxb3 20. axb3 Rc3
21. Rb2 a5 22. g4 Be4 23. g5 Bxf3 24. gxf6 exf6 25. Bd6 Rac8 26. Kh2 R8c6 27.
Bb8 Kf8 28. Ra1 Rc2 29. Raa2 Rxb2 30. Rxb2 Ke7 31. h4 Kd7 32. Kg3 Bd5 33. Bf4
Rc3 34. f3 f5 35. Kf2 Bxb3 36. Ke1 Rd3 37. Rd2 Rxd2 38. Kxd2 Bd5 39. Kc3 Bxf3
40. Bh6 Kc6 41. Bf8 b5 42. Be7 b4+ 43. Kb2 Kb5 44. Bf6 Bd5 45. Be5 a4 46. Bd6
a3+ 47. Kb1 Ka4 48. Bg3 Be4+ 49. Ka1 b3 0-1

[Event "Accademia Cup"]
[Site "Roma ITA"]
[Date "1997.??.??"]
[Round "?"]
[White "Pierangeli, Andrea"]
[Black "Pezzaldi, Roberto"]
[Result "1-0"]
[WhiteElo "1729"]
[BlackElo "2105"]
[PlyCount "141"]
[EventDate "1997.??.??"]

1. e4 e6 2. d4 d5 3. e5 c5 4. c3 Nc6 5. Nf3 Qb6 6. Bd3 cxd4 7. cxd4 Bd7 8. Bc2
Nb4 9. Nc3 Nxc2+ 10. Qxc2 Ne7 11. O-O Nf5 12. Be3 Be7 13. Qd2 O-O 14. g4 Nxe3
15. fxe3 f6 16. Kg2 Rac8 17. Rf2 Bb4 18. Rc1 Qa5 19. a3 Bxc3 20. Rxc3 Rxc3 21.
Qxc3 Qxc3 22. bxc3 Ba4 23. exf6 gxf6 24. g5 f5 25. Rf1 Rc8 26. Rc1 a5 27. Ne5
Bb3 28. Kg3 Bc4 29. Kf4 b5 30. Nd7 Kf7 31. Ke5 Bd3 32. Nc5 Be4 33. h4 Bf3 34.
Rb1 Be2 35. Rb2 Bf1 36. h5 Rg8 37. Nxe6 Re8 38. g6+ hxg6 39. hxg6+ Kxg6 40. Rb1
Bh3 41. Kxd5 Kf6 42. Nf4 Rxe3 43. Rxb5 Rxc3 44. Nxh3 Rxh3 45. Rxa5 Re3 46. a4
f4 47. Ra8 Kg7 48. Rb8 f3 49. Rb1 Ra3 50. Rf1 Kf7 51. Kd6 Ke8 52. d5 Rxa4 53.
Rxf3 Ra6+ 54. Kc7 Ra7+ 55. Kb6 Ra1 56. Kc7 Ra7+ 57. Kd6 Rh7 58. Ra3 Rh6+ 59.
Kc7 Rh7+ 60. Kc6 Rh1 61. Ra8+ Kf7 62. Kd7 Rd1 63. d6 Rd2 64. Ra1 Rf2 65. Re1
Rf3 66. Kd8 Rd3 67. d7 Rd2 68. Re7+ Kf8 69. Re8+ Kf7 70. Kc7 Rc2+ 71. Kb6 1-0

[Event "Accademia Cup"]
[Site "Roma ITA"]
[Date "1997.??.??"]
[Round "?"]
[White "Pierangeli, Andrea"]
[Black "Scacco, Mauro"]
[Result "0-1"]
[WhiteElo "1729"]
[BlackElo "2035"]
[PlyCount "39"]
[EventDate "1997.??.??"]

1. e4 c5 2. Nf3 d6 3. d4 cxd4 4. Nxd4 Nf6 5. Nc3 e6 6. Be2 Be7 7. O-O Nc6 8.
Be3 O-O 9. Qd2 a6 10. a4 Qc7 11. f4 Bd7 12. Bf3 Rac8 13. Qf2 Nxd4 14. Bxd4 e5
15. Bb6 Qc4 16. fxe5 dxe5 17. Rfd1 Bc6 18. Qe3 Nd7 19. b3 Qb4 20. Rxd7 $138 0-1

[Event "Accademia Cup"]
[Site "Roma ITA"]
[Date "1997.??.??"]
[Round "?"]
[White "Pierangeli, Andrea"]
[Black "Tinari, Marco"]
[Result "1/2-1/2"]
[WhiteElo "1729"]
[BlackElo "1911"]
[PlyCount "160"]
[EventDate "1997.??.??"]

1. e4 d6 2. d4 g6 3. Be3 Bg7 4. c3 Nf6 5. f3 a6 6. Bc4 b5 7. Bb3 Nbd7 8. a4 Bb7
9. axb5 axb5 10. Rxa8 Qxa8 11. Ne2 O-O 12. O-O c5 13. Na3 Ba6 14. Qd2 Qb7 15.
Bd1 Rc8 16. b4 cxb4 17. cxb4 Nb6 18. Bb3 Qd7 19. Rc1 Nc4 20. Bxc4 bxc4 21. Nc3
d5 22. e5 Ne8 23. Ra1 Nc7 24. Qb2 Qf5 25. Nc2 h5 26. Ra5 Qe6 27. Qa2 Bb7 28.
Na4 Ra8 29. Nc5 Qb6 30. Rxa8+ Bxa8 31. Qa5 Qxa5 32. bxa5 f6 33. f4 Kf7 34. Nb4
fxe5 35. fxe5 e6 36. Nba6 Nb5 37. Nd7 c3 38. Nb6 Bc6 39. Nb4 Be8 40. Kf2 Bf8
41. Nc2 Na7 42. Ke2 Bb5+ 43. Kd1 Nc6 44. Bc1 Nxa5 45. Ba3 Nb3 46. Bxf8 Kxf8 47.
Na3 Nxd4 48. Nxb5 Nxb5 49. Kc2 Ke7 50. h4 Kd8 51. Na4 Kc7 52. Nc5 d4 53. Nxe6+
Kd7 54. Nf8+ Ke7 55. Nxg6+ Ke6 56. Kd3 Kf5 57. Ne7+ Kxe5 58. Nc6+ Kd5 59. Nb4+
Ke5 60. g3 Kf5 61. Nc2 Kg4 62. Kc4 Kxg3 63. Ne1 Kxh4 64. Nd3 Kg3 65. Kxb5 h4
66. Kc4 h3 67. Kxd4 h2 68. Kxc3 h1=Q 69. Kd4 Kf3 70. Ne5+ Ke2 71. Nc4 Qa1+ 72.
Kd5 Qa2 73. Kd4 Qa4 74. Kd5 Qb5+ 75. Kd4 Qb4 76. Kd5 Kd3 77. Ne5+ Kc3 78. Ke6
Qe4 79. Kd6 Kb4 80. Nd7 Kb5 1/2-1/2

[Event "Accademia Cup"]
[Site "Roma ITA"]
[Date "1997.??.??"]
[Round "?"]
[White "Placchetta, Omero"]
[Black "Anella, Sandro"]
[Result "0-1"]
[WhiteElo "1477"]
[BlackElo "1693"]
[PlyCount "94"]
[EventDate "1997.??.??"]

1. e4 e6 2. d4 d5 3. e5 c5 4. Nf3 Qb6 5. c3 Bd7 6. Be2 Bb5 7. O-O Bxe2 8. Qxe2
Qa6 9. Re1 Qxe2 10. Rxe2 Nc6 11. a3 Rc8 12. Be3 c4 13. Nbd2 Na5 14. Ne1 Ne7 15.
Nc2 Nf5 16. g4 Ne7 17. f4 h5 18. h3 g6 19. Rh2 Nb3 20. Rf1 b5 21. Nxb3 cxb3 22.
Ne1 Nc6 23. f5 hxg4 24. hxg4 Rxh2 25. Kxh2 gxf5 26. gxf5 exf5 27. Nd3 a5 28.
Rxf5 b4 29. axb4 axb4 30. Rf2 bxc3 31. bxc3 Na5 32. Nc5 Bxc5 33. dxc5 Nc4 34.
Bc1 Rxc5 35. Rg2 Ra5 36. Rg8+ Kd7 37. Rb8 Ra2+ 38. Kg3 Rc2 39. Rxb3 Rxc1 40.
Kf4 Ke6 41. Rb8 Rf1+ 42. Kg5 Rf5+ 43. Kh6 Rxe5 44. Re8+ Kf6 45. Rd8 Ne3 46.
Rd6+ Re6 47. Rd8 Ke7+ 0-1

[Event "Accademia Cup"]
[Site "Roma ITA"]
[Date "1997.??.??"]
[Round "?"]
[White "Placchetta, Omero"]
[Black "Malan, Domenico"]
[Result "1-0"]
[WhiteElo "1477"]
[BlackElo "1642"]
[PlyCount "45"]
[EventDate "1997.??.??"]

1. e4 e6 2. d4 d5 3. Nc3 Bb4 4. e5 c5 5. a3 Bxc3+ 6. bxc3 Ne7 7. Nf3 Qa5 8. Bd2
Nbc6 9. a4 c4 10. Be2 Nf5 11. g4 Nfe7 12. h4 h5 13. gxh5 Rxh5 14. Ng5 Rh8 15.
Bh5 g6 16. Bg4 Nf5 17. h5 Nce7 18. Nxf7 Kxf7 19. hxg6+ Kg7 20. Rxh8 Kxh8 21.
Bxf5 Kg7 22. Qh5 Kf8 23. Qh8+ 1-0

[Event "Accademia Cup"]
[Site "Roma ITA"]
[Date "1997.??.??"]
[Round "?"]
[White "Placchetta, Omero"]
[Black "Rovatti, Paolo"]
[Result "0-1"]
[WhiteElo "1477"]
[BlackElo "1603"]
[PlyCount "63"]
[EventDate "1997.??.??"]

1. e4 e6 2. d4 c5 3. Nf3 cxd4 4. Nxd4 Bc5 5. Nb3 Bb6 6. Bd3 Ne7 7. O-O Nbc6 8.
Nc3 O-O 9. Bf4 d5 10. exd5 Nxd5 11. Nxd5 exd5 12. Re1 Qf6 13. Be3 d4 14. Bd2
Ne5 15. Bxh7+ Kh8 16. Qh5 Re8 17. Bg6+ Kg8 18. Qh7+ Kf8 19. Qh8+ Ke7 20. Rxe5+
Qxe5 21. Qh4+ Kd7 22. Bxf7 Rf8 23. Re1 Qf6 24. Qg4+ Kd8 25. Qe4 Rxf7 26. Qe8+
Kc7 27. Qb5 Qxf2+ 28. Kh1 Kb8 29. Qd3 a6 30. Na5 Ka7 31. Nc4 Bf5 32. Qb3 $138
0-1